000 00267nam a2200109Ia 4500
008 230822s2007 xx 000 0 und d
041 _aeng
100 _aJADHA G.A
245 _aANTARANG POLISANCHE, KAVYASANGRAH
260 _bPRAKASH B. PRINTERS
_c2007
300 _a50
999 _c858308
_d858308